Οικονομικές ανισότητες στην Ελλάδα : εξελίξεις και πιθανές επιπτώσεις
Αποθηκεύτηκε σε:
| Κύριος συγγραφέας: | |
|---|---|
| Μορφή: | Βιβλίο |
| Γλώσσα: | Greek |
| Δημοσίευση: |
Αθήνα :
Κέντρο Προγραμματισμού και Οικονομικών Ερευνών,
1991
|
| Σειρά: | Μελέτες
; 9 |
| Θέματα: | |
| Ετικέτες: |
Προσθήκη ετικέτας
Δεν υπάρχουν, Καταχωρήστε ετικέτα πρώτοι!
|
MARC
| LEADER | 00000cam a2200000 i 4500 | ||
|---|---|---|---|
| 001 | 1/97880 | ||
| 008 | 950227s1991 gr | ||| |||| ||gre|| | ||
| 035 | |l 10010725 | ||
| 040 | |a GR-MY-UA |b gre |e aacr | ||
| 041 | 0 | |a gre | |
| 082 | 0 | |a 338.9495 | |
| 100 | 1 | |a Αθανασίου, Λουκής Α. | |
| 245 | 1 | 0 | |a Οικονομικές ανισότητες στην Ελλάδα : |b εξελίξεις και πιθανές επιπτώσεις / |c Λουκή Α. Αθανασίου |
| 260 | |a Αθήνα : |b Κέντρο Προγραμματισμού και Οικονομικών Ερευνών, |c 1991 | ||
| 300 | |a 133 σ | ||
| 490 | 1 | |a Μελέτες |v ; 9 | |
| 650 | 0 | 0 | |a Income |x Regional disparities |z Greece. |
| 650 | 0 | 0 | |a Regional disparities |z Greece. |
| 651 | 0 | |a Greece |x Economic conditions. | |
| 852 | |a INST |b LESVOS |e 19950227 |h 338.9495 ΑΘΑ |p 005100002713 |q 005100002713 |t BK |y 0 | ||
| 909 | |a Λ |b 020686 | ||
| 922 | |a 1ΔΩΡ |b 199109 |c ΚΕΠΕ | ||